00544nam a2200193Ia 450000500170000000800410001708200130005810000120007124500300008326000330011330000160014665000150016265000120017770000220018970000230021194200060023495200950024099900150033520240827033149.0240331s9999 xx 000 0 und d bHAYa800 aHaydn,H 2aA world of great stories  aNew YorkbAvenel Booksc1935 ax, 950 p ., aLiterature aStories aHaydn, Hirameedt aCournos, Johneedt cL 001040708LaWERCLbWERCLcSSCd2024-03-31l0o 800 HAYp6553r2024-03-31w2024-03-31yL c4780d4780